1018 1830 1204 1953 1178 1986 1988 1232 1569 1088 1348 1190 1974 1119 1984 1327 1016 1231 1936 1355 1994 1388 1206 1277 1854 1219 1399 1845 1497 1346 1707 1482 1832 1944 1897 1881 1641 1872 1889 1623 1515 1944 1251 1287 1752 1228 1307 1181 1423 1906 1423 1209 1054 1911 1231 1685 1375 1661 1416 1374 1581 1627 1313 1026 1932 1056 1719 1418 1347 1716 1861 1324 1029 1862 1933 1614 1840 1402 1048 1890 1361 1335 1212 1853 1080 1137 1970 1177 1446 1445 1275 1893 1300 1267 1724 1329 1102 1165 1416 BCNSPRNW ULIB Ver.6.0+V

เปลี่ยนเป็นภาษาไทย

Change to English
 แสดงรายละเอียดบรรณานุกรม
  กลับหน้าหลัก

Brief Record : Get Marc (ISO 2709) : E-mail record : QR code < ปิดหน้าต่าง
LEADER : 00000nam 2200000uu 4500
001    13399108836
003     ULIB
008    110315s2546||||th 000 0 tha d
020    9749626982
060 04 W84^bส223บ 2546
245 00 บริการสาธารณสุขกับการแสวงหากำไรเชิงธุรกิจ /^cสำนักงานปฎิรูประบบสุขภาพแห่งชาติ ; บรรณาธิการ, ปิติพร จันทรทัต ณ อยุธยา, วณี ปิ่นประทีป
250    พิมพ์ครั้งที่ 1
260    นนทบุรี :^bสำนักงาน,^c2546
300    [6], 128 หน้า ;^c21 ซม.
650  7 บริการทางการแพทย์
650  7 พระราชบัญญัติสุขภาพแห่งชาติ
700 0  ปิติพร จันทรทัต ณ อยุธยา,^eบรรณาธิการ
700 0  วณี ปิ่นประทีป,^eบรรณาธิการ
710 2  สำนักงานปฏิรูประบบสุขภาพแห่งชาติ
945    ^p0^l0^i015729
945    ^p0^l0^i015728
995    ทศพร
999 ^a ใช้งานได้ทุกระบบ
รายการนี้ยังไม่มีแท็ก
คุณยังไม่ได้ล็อกอิน คุณสามารถมีกิจกรรมร่วมกับเว็บไซต์ได้ แต่ต้องล็อกอินก่อน ::
  ล็อกอิน

รายการสื่อสารสนเทศ

ลำดับที่ ประเภท เลขเรียก/บาร์โค้ด สถานที่ สถานะ
- ไม่พบข้อมูล -

รายการใกล้เคียง
    หัวเรื่อง [บริการทางการแพทย์]
    หัวเรื่อง [พระราชบัญญัติสุขภาพแห่งชาติ]

BibComment


ยังไม่เคยถูกคอมเมนท์

คอมเมนท์ทรัพยากรรายการนี้
  คอมเมนท์: บริการสาธารณสุขกั..


 Copyright 2026. Bcnsprnw @Library